| 000 | 00000nas 2200000zi 4500 |
| 001 | 9.895770 |
| 003 | CaOODSP |
| 005 | 20250403110357 |
| 006 | m o d f |
| 007 | cr cn |||||||| |
| 008 | 210127c20219999oncmr m o s f0###b0fre|d |
| 022 | |a2563-8963 |
| 040 | |aCaOODSP|bfre|erda|cCaOODSP |
| 043 | |an-cn--- |
| 086 | 1 |aCS36-28-0001F-PDF |
| 222 | 0|aRapports économiques et sociaux |
| 245 | 00|aRapports économiques et sociaux. |
| 264 | 1|a[Ottawa] : |bStatistique Canada = Statistics Canada, |c2021- |
| 310 | |aMensuel |
| 336 | |atexte|btxt|2rdacontent/fre |
| 337 | |ainformatique|bc|2rdamedia/fre |
| 338 | |aressource en ligne|bcr|2rdacarrier/fre |
| 362 | 1 |aParaît depuis : Vol. 1, no 1 (janvier 2021). |
| 500 | |aPublié aussi en anglais sous le titre : Economic and social reports. |
| 520 | 2 |a« Rapports économiques et sociaux comprennent des recherches approfondies, de brèves analyses et des mis à jour économiques actuelles sur divers sujets, notamment le travail, l'immigration, la scolarité et les compétences, la mobilité du revenu, le bien-être, le vieillissement, la dynamique des entreprises, la productivité, les transitions économiques et la géographie économique »--https://www150.statcan.gc.ca/n1/fr/catalogue/36280001 |
| 588 | |aDescription d'après : Vol. 1, no 1 (janvier 2021). |
| 588 | |aDernière livraison consultée : Vol. 4, no 3 (mars 2024). |
| 651 | 6|aCanada|xConditions économiques. |
| 651 | 6|aCanada|xConditions sociales. |
| 710 | 2 |aStatistique Canada, |eorganisme de publication. |
| 775 | 08|tEconomic and social reports.|w(CaOODSP)9.895760 |
| 856 | 40|qHTML|ss.o.|uhttps://www150.statcan.gc.ca/n1/fr/catalogue/36280001 |